Miradas críticas sobre el teatro posdramático /

Al analizar el teatro posdramático, tanto la crítica académica como la periodística muestran cierta incomodidad hermenéutica, la cual suele resolverse en el señalamiento de los distintos grados de lo real verificados en la escena, procedimiento que, aunque pertinente, tiende a funcionar como un lími...

Descripción completa

Detalles Bibliográficos
Autor principal: Trastoy, Beatriz
Formato: Analitica de revista
Lenguaje:español
Publicado: Santiago, Chile Pontificia Universidad Católica de Chile 2009
Materias:
Acceso en línea:Acceso electrónico al documento

MARC

LEADER 00000cab a2200000 a 4500
001 024462
003 UAHC_CL
005 20180806123326.0
008 100602s2009 cl 000 spa
952 |0 0  |1 0  |4 0  |6 AISTHESIS_46_09_000000000000000  |7 0  |8 General  |9 48917  |a BC  |b BC  |c General  |d 2017-08-03  |l 0  |o AISTHESIS-46/09  |p FICTICIO117  |r 2019-01-08 00:00:00  |t 1  |w 2017-08-03  |y REVA 
999 |c 24462  |d 24462 
022 |y 05583939 
040 |a UAHC_CL  |c UAHC_CL  |d UAHC_CL 
100 1 |a Trastoy, Beatriz 
245 1 0 |a Miradas críticas sobre el teatro posdramático /  |c Beatriz Trastoy. 
260 |b Pontificia Universidad Católica de Chile  |a Santiago, Chile  |c 2009 
300 |a p. 236-251 
500 |a En: Aisthesis. Revista Chilena de Investigaciones Estéticas. No. 46, Diciembre 2009. pp. 236-251. ISSN: 0558-3939. 
520 |a Al analizar el teatro posdramático, tanto la crítica académica como la periodística muestran cierta incomodidad hermenéutica, la cual suele resolverse en el señalamiento de los distintos grados de lo real verificados en la escena, procedimiento que, aunque pertinente, tiende a funcionar como un límite interpretativo. Por ello, este artículo propone la teoría de la traducción como una posible clave de lectura a fin de superar o, al menos, de complementar esta limitación. A modo de ejemplo, se considera la puesta en escena de Los muertos (Ensayo sobre representaciones de la muerte en la Argentina) (2006) de Beatriz Catani y Mariano Pensotti, basada en el célebre relato de James Joyce. 
650 4 |a CRITICA 
650 4 |a TEATRO 
773 0 |t Aisthesis en el realismo crítico de La ciudad y los perros de Mario Vargas Llosa  |w 039899 
856 |u http://www.scielo.cl/scielo.php?script=sci_arttext&pid=S0718-71812009000200013&lng=es&nrm=iso&tlng=es  |y Acceso electrónico al documento 
900 |a AISTHESIS-46/09 
942 |c REVA  |2 ddc